000 00589nam a2200217 a 4500
999 _c5458
_d5458
001 5458
003 BD-JhCC
005 20171214174043.0
008 171214s1986 i |||| ||a| 000 0 eng d
035 _a(BD-JhCC) 5458
040 _aBD-JhCC
_dBD-JhCC
041 _aeng
082 _a519.5
_bGHO 1986
100 _aGhosh, Ramkrishna
245 _aBusiness Mathemtics & Statistics /
_c Ramkrishna Ghosh
260 _aIndia :
_bNew Central book Agency ,
_c1986
300 _a459 p .:
_c22 cm .
650 _aBusiness mathematics, Commercial safisties
942 _2ddc
_cBK